[Event "Madrid-ch Previa-A"]
[Site "Madrid"]
[Date "2020.02.17"]
[Round "7"]
[White "Gonzalez Ruano Perez, Cesar"]
[Black "Olmos Rodriguez, Arcadio"]
[Result "1-0"]
[WhiteElo "1855"]
[BlackElo "1404"]
[PlyCount "55"]
[EventDate "2020.02.03"]
[EventType "swiss"]
[EventRounds "9"]
[EventCountry "ESP"]
[SourceTitle "EXT 2021"]
[Source "ChessBase"]
[SourceDate "2020.10.23"]
[SourceVersion "1"]
[SourceVersionDate "2020.10.23"]
[SourceQuality "1"]

1. c4 Nf6 2. g3 g6 3. Bg2 Bg7 4. Nc3 d6 5. e4 0-0 6. Nge2 c5 7. 0-0 Nc6 8. d3 a6 9. h3 Rb8 10. Be3 b5 11. Qd2 bxc4 12. dxc4 a5 13. Rad1 Ne8 14. f4 f5 15. exf5 Bxf5 16. Bxc6 Qb6 17. Nd5 Qd8 18. b3 Be4 19. Bxe8 Qxe8 20. Nec3 Bf5 21. g4 Bd7 22. Ne4 Bc6 23. Ng3 a4 24. Rb1 h5 25. f5 gxf5 26. Nxf5 e6 27. Nxg7 Kxg7 28. Bh6+ 1-0

[Event "Madrid-ch Previa-A"]
[Site "Madrid"]
[Date "2020.02.03"]
[Round "1"]
[White "Gonzalez Recas, Fernando Jose"]
[Black "Gonzalez Ruano Perez, Cesar"]
[Result "0-1"]
[WhiteElo "1548"]
[BlackElo "1855"]
[PlyCount "48"]
[EventDate "2020.02.03"]
[EventType "swiss"]
[EventRounds "9"]
[EventCountry "ESP"]
[SourceTitle "EXT 2021"]
[Source "ChessBase"]
[SourceDate "2020.10.23"]
[SourceVersion "1"]
[SourceVersionDate "2020.10.23"]
[SourceQuality "1"]

1. e4 d6 2. d4 Nf6 3. Nc3 Nbd7 4. f4 e5 5. Nf3 exd4 6. Qxd4 c6 7. Be3 d5 8. exd5 Bc5 9. Qd2 Qe7 10. Nd4 Ng4 11. Nd1 Ndf6 12. d6 Bxd6 13. h3 Ne4 14. Qe2 Ng3 15. Qf3 Nxe3 16. Nxe3 Nxh1 17. 0-0-0 Bc5 18. g3 0-0 19. Bg2 Re8 20. c3 Qxe3+ 21. Qxe3 Rxe3 22. Kd2 Bxd4 23. cxd4 Rxg3 24. Bxh1 Bxh3 0-1

[Event "Madrid-ch Seniors 50"]
[Site "Madrid"]
[Date "2020.01.14"]
[Round "2"]
[White "Gonzalez Ruano Perez, Cesar"]
[Black "Gonzalez Rivera, Eduardo"]
[Result "0-1"]
[WhiteElo "1837"]
[BlackElo "2024"]
[PlyCount "76"]
[EventDate "2020.01.13"]
[EventType "swiss"]
[EventRounds "9"]
[EventCountry "ESP"]
[SourceTitle "CBM 194 Extra"]
[Source "ChessBase"]
[SourceDate "2020.03.31"]
[SourceVersion "1"]
[SourceVersionDate "2020.03.31"]
[SourceQuality "1"]

1. e4 e5 2. Nf3 Nc6 3. Nc3 Nf6 4. d4 exd4 5. Nd5 Nxd5 6. exd5 Nb4 7. Nxd4 Qf6 8. Be3 Nxd5 9. Qd2 Nxe3 10. Qxe3+ Qe7 11. Nb5 Qxe3+ 12. fxe3 Bb4+ 13. c3 Ba5 14. 0-0-0 0-0 15. e4 d6 16. Nd4 Re8 17. Re1 Bd7 18. Bc4 Re7 19. Rhf1 g6 20. Rf4 c6 21. Ref1 Rf8 22. h3 b5 23. Bb3 c5 24. Ne2 c4 25. Bc2 d5 26. Nd4 Bc7 27. exd5 Bxf4+ 28. Rxf4 f5 29. a4 a6 30. b3 Re1+ 31. Kb2 cxb3 32. Bxb3 bxa4 33. Bc4 Rb8+ 34. Ka2 Bb5 35. Nc6 Rbe8 36. Ne7+ R8xe7 37. d6+ Bxc4+ 38. Rxc4 Rd7 0-1

[Event "Madrid San Viator op-A 30th"]
[Site "Madrid"]
[Date "2018.06.03"]
[Round "8"]
[White "Gonzalez Ruano Perez, Cesar"]
[Black "Montoya Gandia, Manuel"]
[Result "1-0"]
[WhiteElo "1833"]
[BlackElo "1639"]
[PlyCount "53"]
[EventDate "2018.04.08"]
[EventType "swiss"]
[EventRounds "9"]
[EventCountry "ESP"]
[SourceTitle "EXT 2019"]
[Source "ChessBase"]
[SourceDate "2018.10.10"]
[SourceVersion "1"]
[SourceVersionDate "2018.10.10"]
[SourceQuality "1"]

1. e4 c5 2. a3 Nc6 3. b4 cxb4 4. axb4 Nxb4 5. c3 Nc6 6. d4 d5 7. exd5 Qxd5 8. Na3 Nf6 9. Nb5 Kd8 10. c4 Qe4+ 11. Be2 Bd7 12. Nf3 e5 13. 0-0 exd4 14. Ng5 Qe8 15. Re1 Bb4 16. Bd2 Qf8 17. Bxb4 Nxb4 18. Nxa7 Rb8 19. Qxd4 b6 20. Qe5 Rb7 21. Bf3 Rc7 22. Nb5 Bxb5 23. Qxb5 Qc5 24. Ra8+ Rc8 25. Nxf7+ Kc7 26. Ra7+ Kb8 27. Rb7+ 1-0

[Event "Madrid San Viator op-A 30th"]
[Site "Madrid"]
[Date "2018.05.20"]
[Round "6"]
[White "Gonzalez Ruano Perez, Cesar"]
[Black "Sanchez Fernandez, Juan Antonio"]
[Result "1-0"]
[WhiteElo "1833"]
[BlackElo "1751"]
[PlyCount "59"]
[EventDate "2018.04.08"]
[EventType "swiss"]
[EventRounds "9"]
[EventCountry "ESP"]
[SourceTitle "EXT 2019"]
[Source "ChessBase"]
[SourceDate "2018.10.10"]
[SourceVersion "1"]
[SourceVersionDate "2018.10.10"]
[SourceQuality "1"]

1. e4 e5 2. Nf3 Nc6 3. Nc3 Nf6 4. d4 exd4 5. Nd5 Nxd5 6. exd5 Qe7+ 7. Be2 d3 8. Qxd3 Nb4 9. Qb3 Qe4 10. 0-0 Bc5 11. Bd3 Nxd3 12. cxd3 Qb4 13. Re1+ Kf8 14. Qc2 b6 15. d4 Bd6 16. Bd2 Qb5 17. Qe4 Bb7 18. Bf4 Bb4 19. a3 Bxd5 20. Qf5 Bxe1 21. Rxe1 d6 22. Ng5 Kg8 23. Nxf7 Re8 24. Nh6+ gxh6 25. Qg4+ Kf7 26. Qh5+ Kf6 27. Qxh6+ Kf7 28. Qh5+ Kf6 29. Bg5+ Kg7 30. Bh6+ 1-0

[Event "Madrid San Viator op-A 30th"]
[Site "Madrid"]
[Date "2018.05.06"]
[Round "4"]
[White "Herranz Suarez, David"]
[Black "Gonzalez Ruano Perez, Cesar"]
[Result "0-1"]
[WhiteElo "1472"]
[BlackElo "1833"]
[PlyCount "120"]
[EventDate "2018.04.08"]
[EventType "swiss"]
[EventRounds "9"]
[EventCountry "ESP"]
[SourceTitle "EXT 2019"]
[Source "ChessBase"]
[SourceDate "2018.10.10"]
[SourceVersion "1"]
[SourceVersionDate "2018.10.10"]
[SourceQuality "1"]

1. d4 e6 2. c4 b6 3. Nf3 Bb7 4. g3 f5 5. Bg2 Nf6 6. 0-0 Be7 7. Nc3 0-0 8. Qc2 Qe8 9. Rd1 d6 10. d5 exd5 11. cxd5 Qd7 12. Ng5 g6 13. Ne6 Rf7 14. a4 a5 15. Nb5 Na6 16. Bf4 Rc8 17. Nc3 Nb4 18. Qb3 Ne8 19. Bh3 Bxd5 20. Nxd5 Qxe6 21. Nxe7+ Rxe7 22. Qxe6+ Rxe6 23. Kf1 Nf6 24. Bg2 Rce8 25. e3 Ne4 26. h4 Kg7 27. Bxe4 Rxe4 28. Rac1 Na6 29. Rd4 Nc5 30. Rcc4 R8e7 31. Bg5 Rd7 32. b4 axb4 33. Rxb4 Re8 34. a5 bxa5 35. Rb5 Ne6 36. Ra4 h6 37. Bf4 g5 38. hxg5 hxg5 39. Rxf5 gxf4 40. gxf4 Ra8 41. Raxa5 Rxa5 42. Rxa5 c5 43. f5 Ng5 44. f4 Ne4 45. Ra4 d5 46. Ke1 Kf6 47. Ra6+ Rd6 48. Ra8 Kxf5 49. Rf8+ Nf6 50. Rc8 c4 51. Ke2 Ke4 52. Rc7 Re6 53. Rg7 d4 54. exd4 Kxd4+ 55. Kf3 Re3+ 56. Kf2 Ne4+ 57. Kg2 Re2+ 58. Kg1 c3 59. Rd7+ Ke3 60. f5 c2 0-1

[Event "Madrid San Viator op-A 30th"]
[Site "Madrid"]
[Date "2018.04.15"]
[Round "2"]
[White "Casares Sanchez, Rodrigo"]
[Black "Gonzalez Ruano Perez, Cesar"]
[Result "1-0"]
[WhiteElo "1702"]
[BlackElo "1833"]
[PlyCount "155"]
[EventDate "2018.04.08"]
[EventType "swiss"]
[EventRounds "9"]
[EventCountry "ESP"]
[SourceTitle "EXT 2019"]
[Source "ChessBase"]
[SourceDate "2018.10.10"]
[SourceVersion "1"]
[SourceVersionDate "2018.10.10"]
[SourceQuality "1"]

1. e4 e6 2. d3 d5 3. Nd2 dxe4 4. dxe4 Nf6 5. Ngf3 Bc5 6. Be2 Nc6 7. 0-0 h6 8. b3 Bd7 9. Bb2 Qe7 10. a3 a5 11. Bb5 0-0 12. Qe2 Rad8 13. e5 Nd5 14. Qe4 f5 15. exf6 Nxf6 16. Qh4 Ne5 17. Nxe5 Bxb5 18. Ndc4 Kh7 19. a4 Ba6 20. Nf3 Qe8 21. Rfe1 Qg6 22. Bxf6 Rxf6 23. Qe4 b6 24. Qxg6+ Kxg6 25. Nce5+ Kh7 26. Rad1 Rxd1 27. Rxd1 Bb7 28. Nd7 Rf5 29. Nde5 Bd6 30. Nc4 Bc5 31. Nce5 Bxf3 32. Nxf3 e5 33. Rd5 Bd6 34. Nd4 Rf7 35. Nb5 Bc5 36. Rd2 Kg6 37. Kf1 Kf5 38. Ke2 Ke6 39. f3 c6 40. Nc3 Bb4 41. Rd3 Bxc3 42. Rxc3 Kd5 43. Ke3 Re7 44. Rd3+ Kc5 45. c3 g5 46. Ke4 Re6 47. Kf5 Re8 48. Kg6 e4 49. Re3 Re6+ 50. Kf7 Kd6 51. fxe4 Ke5 52. Re2 h5 53. Rf2 Rd6 54. Rf5+ Kxe4 55. Rxg5 Rd2 56. Ke6 Kf4 57. Rxh5 Rxg2 58. Rf5+ Ke4 59. h4 Rh2 60. h5 Kd3 61. b4 Kxc3 62. bxa5 bxa5 63. Rxa5 Kb4 64. Rg5 Kxa4 65. Kd6 Kb4 66. Kxc6 Kc4 67. Kd6 Kd4 68. Ke6 Ke4 69. Kf6 Kf4 70. Kg6 Ra2 71. Rf5+ Kg4 72. h6 Rh2 73. Rg5+ Kf4 74. Rh5 Rg2+ 75. Kf6 Ra2 76. h7 Ra6+ 77. Ke7 Ra7+ 78. Kd6 1-0

[Event "Madrid San Viator op-A 30th"]
[Site "Madrid"]
[Date "2018.04.08"]
[Round "1"]
[White "Gonzalez Ruano Perez, Cesar"]
[Black "Martinez Fernandez, Raul"]
[Result "0-1"]
[WhiteElo "1833"]
[BlackElo "2176"]
[PlyCount "70"]
[EventDate "2018.04.08"]
[EventType "swiss"]
[EventRounds "9"]
[EventCountry "ESP"]
[SourceTitle "EXT 2019"]
[Source "ChessBase"]
[SourceDate "2018.10.10"]
[SourceVersion "1"]
[SourceVersionDate "2018.10.10"]
[SourceQuality "1"]

1. b3 e5 2. e3 Nf6 3. Bb2 d6 4. d4 Nbd7 5. c4 b6 6. Nf3 Qe7 7. Nc3 c6 8. d5 c5 9. Qc2 Qd8 10. h3 Be7 11. Bd3 0-0 12. 0-0-0 g6 13. g4 Ne8 14. Rdg1 Ng7 15. Nh2 Nb8 16. f4 f5 17. gxf5 Bxf5 18. fxe5 Bxd3 19. Qxd3 Nd7 20. e6 Ne5 21. Qe4 Nh5 22. Ng4 Nf6 23. Nxf6+ Bxf6 24. h4 Qe7 25. a4 Qg7 26. Rg3 h5 27. Nd1 Ng4 28. Qc2 Kh7 29. Rxg4 hxg4 30. h5 Bxb2+ 31. Nxb2 g3 32. hxg6+ Kg8 33. Nd3 Qa1+ 34. Qb1 Qxb1+ 35. Kxb1 g2 0-1

[Event "Madrid San Viator op-A 28th"]
[Site "Madrid"]
[Date "2017.06.04"]
[Round "9"]
[White "Montoya Gandia, Manuel"]
[Black "Gonzalez Ruano Perez, Cesar"]
[Result "0-1"]
[WhiteElo "1679"]
[BlackElo "1882"]
[PlyCount "94"]
[EventDate "2017.03.26"]
[EventType "swiss"]
[EventRounds "9"]
[EventCountry "ESP"]
[SourceTitle "EXT 2018"]
[Source "ChessBase"]
[SourceDate "2017.10.13"]
[SourceVersion "1"]
[SourceVersionDate "2017.10.13"]
[SourceQuality "1"]

1. d4 c5 2. d5 Nf6 3. c4 b5 4. cxb5 a6 5. bxa6 g6 6. Nc3 Bg7 7. e4 Qa5 8. Nf3 Nxe4 9. Bd2 Nxc3 10. Qc2 Bxa6 11. Bxa6 Nxa6 12. Bxc3 Nb4 13. Qd2 0-0 14. 0-0 Qb5 15. Rfe1 e6 16. Bxg7 Kxg7 17. dxe6 dxe6 18. a3 Nd3 19. Reb1 Rfd8 20. Qc3+ Kg8 21. a4 Qb4 22. Qf6 Rd5 23. b3 Rf5 24. Qe7 Qg4 25. h3 Qe4 26. Rd1 Rd5 27. Ng5 Qf5 28. Nf3 e5 29. Ra2 Rad8 30. Rad2 e4 31. Nh2 h5 32. Nf1 R5d7 33. Qh4 Qe6 34. Ng3 Rd4 35. Ne2 R4d6 36. Nc3 f5 37. Nb5 R6d7 38. f3 e3 39. Re2 Nf4 40. Qxd8+ Rxd8 41. Rxd8+ Kg7 42. Re1 Qxb3 43. Rd7+ Kf6 44. Rd6+ Kg5 45. Nc7 Qa2 46. Ne6+ Nxe6 47. Rxe6 Qxe6 0-1

[Event "Madrid San Viator op-A 26th"]
[Site "Madrid"]
[Date "2016.05.08"]
[Round "5"]
[White "Bartolome Martin, Angel"]
[Black "Gonzalez Ruano Perez, Cesar"]
[Result "1/2-1/2"]
[WhiteElo "1842"]
[BlackElo "1918"]
[PlyCount "59"]
[EventDate "2016.04.03"]
[EventType "swiss"]
[EventRounds "9"]
[EventCountry "ESP"]
[SourceTitle "EXT 2017"]
[Source "ChessBase"]
[SourceDate "2016.10.25"]
[SourceVersion "1"]
[SourceVersionDate "2016.10.25"]
[SourceQuality "1"]

1. d4 f5 2. c4 Nf6 3. Nc3 e6 4. g3 Be7 5. Bg2 d6 6. e3 0-0 7. Nge2 e5 8. 0-0 Qe8 9. dxe5 dxe5 10. Nd5 Bd8 11. Nec3 c6 12. Nxf6+ Bxf6 13. Qc2 Be6 14. b3 Na6 15. Bb2 Rd8 16. Rfd1 Nb4 17. Qe2 e4 18. Na4 Rxd1+ 19. Qxd1 Bxb2 20. Nxb2 Qe7 21. Qe2 Rd8 22. Bf1 Qf6 23. a3 Nd3 24. Rd1 Ne5 25. Rxd8+ Qxd8 26. Qd1 Nf3+ 27. Kg2 Qf6 28. Na4 f4 29. exf4 Bg4 30. Be2 1/2-1/2

[Event "Madrid San Viator op-A 26th"]
[Site "Madrid"]
[Date "2016.04.10"]
[Round "2"]
[White "Montes Gutierrez, Ignacio"]
[Black "Gonzalez Ruano Perez, Cesar"]
[Result "1-0"]
[WhiteElo "2272"]
[BlackElo "1918"]
[PlyCount "81"]
[EventDate "2016.04.03"]
[EventType "swiss"]
[EventRounds "9"]
[EventCountry "ESP"]
[SourceTitle "EXT 2017"]
[Source "ChessBase"]
[SourceDate "2016.10.25"]
[SourceVersion "1"]
[SourceVersionDate "2016.10.25"]
[SourceQuality "1"]

1. d4 f5 2. e4 fxe4 3. Nc3 Nf6 4. Bg5 e6 5. Nxe4 Be7 6. Bxf6 Bxf6 7. Nf3 0-0 8. Bd3 Nc6 9. c3 d5 10. Nxf6+ Qxf6 11. Qe2 Bd7 12. Bb5 a6 13. Bxc6 Bxc6 14. Qe5 Qg6 15. 0-0-0 Rf5 16. Qxc7 e5 17. Rhf1 Raf8 18. Nxe5 Qh6+ 19. Kb1 Bb5 20. g4 Rf4 21. Qxb7 Qe6 22. f3 Bxf1 23. Rxf1 h5 24. gxh5 Rxf3 25. Rxf3 Rxf3 26. Nxf3 Qe4+ 27. Kc1 Qxf3 28. Qb8+ Kh7 29. Qe5 a5 30. a4 Qf1+ 31. Kc2 Qg2+ 32. Kb3 Qf3 33. Ka3 Qh1 34. Ka2 Qd1 35. Qe8 Qh1 36. Qg6+ Kh8 37. h6 gxh6 38. Qxh6+ Kg8 39. Qd6 Qe4 40. Qd8+ Kf7 41. Qxa5 1-0